[Event "Match 70__120'/40"]
[Site "Zürich"]
[Date "2022.??.??"]
[Round "31"]
[White "CXG Sphinx 40 most agg"]
[Black "CXG Sphinx Legend"]
[Result "0-1"]
[WhiteElo "1780"]
[BlackElo "1816"]
[Annotator "Utzinger,K"]
[PlyCount "169"]
[EventDate "2022.??.??"]

{[%evp 0,169,19,38,25,18,18,15,21,13,37,33,25,29,24,16,46,-48,-33,-44,-19,-14,
-23,-38,47,25,0,0,-20,-6,-11,-76,-70,-87,-62,-80,-83,-101,-109,-104,-104,-127,
-136,-133,-111,-115,-93,-101,-80,-83,-66,-64,-66,-64,-67,-67,-67,-133,-60,-62,
-60,-66,-65,-66,-47,-65,-20,-20,-32,-32,0,-32,-20,-20,-20,-32,-32,-32,-32,-32,
-25,-85,-102,-97,-84,-92,-101,-105,-106,-125,-132,-139,-117,-120,-118,-118,
-117,-190,-201,-233,-242,-242,-230,-268,-218,-215,-198,-212,-217,-237,-215,
-215,-223,-338,-369,-369,-394,-415,-445,-459,-377,-419,-386,-407,-284,-284,
-308,-346,-344,-341,-415,-438,-321,-393,-317,-505,-505,-547,-547,-1002,-1312,
-1322,-1737,-1312,-1758,-29977,-29978,-29979,-29980,-29981,-29982,-29983,
-29984,-29993,-29978,-29979,-29978,-29979,-29980,-29981,-29982,-29987,-29988,
-29989,-29988,-29989,-29988,-29989,-29990,-29991,-29992,-29993]} 1. e4 e5 {
Match 120'/40 | Bediener: Rolf Bühler | 31. Partie: Schwarz (Sphinx Legend)
gewinnt | Zwischenstand: 17,0-14,0 (54,8%) für Sphinx Legend | Das bekannte
Vierspringerspiel, Rubinstein-Variante mit 4...Sd4, behandelt die
"Unergründliche" noch ungünstiger als sein Gegner. So steht dann die Sphinx
Legend im Endspiel mit einem Bauern mehr da, wofür Weiss keine Kompensation
hat. Die wenigen weissen Chancen, das Gleichgewicht doch noch einigermassen zu
wahren, bleiben ungenutzt. Gesamthaft zeigt sich die Sphinx Legend
sachkundiger und holt sich erneut den vollen Punkt} 2. Nc3 Nc6 3. Nf3 Nf6 4.
Bb5 Nd4 {***ENDE BUCH***} 5. Nxd4 {Die von Schwarz gewählte
Rubinstein-Variante 4...Sd4 beantwortet Weiss mit einer Fortsetzung, die schon
frühzeitig eine grosse Remistendenz aufweist.} (5. Nxe5 {bringt nichts wegen}
Qe7 6. Nf3 Nxb5 7. Nxb5 Qxe4+ 8. Qe2 Qxe2+ 9. Kxe2 Nd5 $11) 5... exd4 6. e5
dxc3 7. exf6 {***ENDE BUCH***} cxd2+ $2 {Weshalb haben die Buchmacher nicht
noch die günstigere Alternative 7...Dxf6 berücksichtigt? Der Textzug 7...
cxd2+ ist deutlich schwächer, dient er doch einzig der gegnerischen
Entwicklung. Ausschlaggebend für das schwache 7...cxd2+ sind wohl materielle
Gründe, denn Schwarz erobert einen Bauern, ohne dabei aber den gewaltigen
Entwicklungsvorsprung von Weiss zu würdigen.} (7... Qxf6 8. dxc3 Bc5 9. Qe2+
Qe7 10. Qxe7+ Kxe7 {1/2-1/2 (10) Caruana,F (2792)-Paravyan,D (2617) Chess.com
INT 2022}) 8. Qxd2 $2 {Ein echter Fehler, geht dadurch doch (fast)
kompensationslos ein weisser Bauer verloren.} ({Nach} 8. Bxd2 Qxf6 9. O-O $1
$16 {Weiss steht prächtig.}) 8... Qxf6 9. O-O c6 10. Re1+ Be7 11. Bd3 O-O {
Nun hat Weiss, ausser seinem Minusbauer, gar nichts. Sein geringer
Entwicklungsvorsprung vermag indessen gerade noch ein dynamsches Gleichgewicht
zu sichern.} 12. Qe3 Re8 13. Qg3 h6 14. Bf4 d5 $6 {Genauer ist 14...d6 =, was
des Feld e5 überdeckt und den weissen Figuren verwehrt.} 15. c3 {Die starke
zu weissem Vorteil führende Fortsetzung 15.h4! durfte man von unseren Oldies
nie und nimmer erwarten.} Bd7 16. Re3 Qh4 17. Be5 {verliert ein unnötiges
Tempo, das besser zur Verdopplung der Türme auf der e-Linie genutzt worden
wäre.} (17. Rae1 Qxg3 18. Bxg3 Bf6 19. Rxe8+ Bxe8 $15 {mit nur leichtem
Vorteil für Schwarz}) 17... Qxg3 18. Rxg3 $2 {Ebenfalls unlogisch, den Turm
von der e-Linie abzuziehen nur wegen der damit verbundenen läppischen Drohung
Txg7+. Sowohl 18.Lxg3 als auch 18.hxg3 verdienend klar den Vorzug.} f6 19. Bf4
g5 20. Re1 Kf7 21. Bd2 Bd6 $17 {Jetzt sieht man, was 18.Txg3? angerichtet hat.
Die weissen Figuren sind zurückgeworfen, die schwarzen günstiger postiert,
was den Vorteil eindeutig bei Schwarz lässt, der zudem noch einen Mehrbauern
besitzt.} 22. Rge3 Be5 23. R3e2 a5 {Schwächt das Feld b6.} 24. Be3 a4 (24...
Bc7 {sieht logischer aus.}) 25. Bc5 Ra5 26. Bb6 Raa8 27. Bc5 Rab8 28. Bc2 $2 {
Weiss hätte durch 28.La7 auf eine mögliche Zugwiederholung spielen sollen.}
b5 $2 {Vollkommen falsch, wird damit doch die schwarze Bauernmehrheit für
längere Zeit imobil, sprich festgefahren.} 29. Bd3 Rbd8 30. Bb6 Ra8 31. Bc5
Ra6 (31... a3 {auch diese interessante Fortsetzung darf man von unseren Oldies
nicht erwarten.} 32. Bxa3 Rxa3 33. bxa3 Ra8 34. Bc2 Rxa3 35. Bb3 $15) 32. Re3
h5 33. h4 g4 34. Kf1 Be6 35. g3 {Hier stand Weiss die interessante Abwicklung
mit 35.Txe5!? zur Verfügung, eindeutig zu hoch für unsere Oldies.} (35. Rxe5
fxe5 36. Rxe5 Rh8 37. Rg5 Rh6 $11 38. a3 {hätte das Gleichgewicht gewahrt.})
35... Bd7 36. Bc2 Raa8 37. Bd3 Rad8 38. Bb6 Rc8 39. Bc5 Be6 {[#]} 40. f4 $2 {
Nachdem es Schwarz offenbar nicht mehr gelungen ist, seine Stellung zu
verbessern - alles eine Folge des schwachen 28...b5 - begibt sich Weiss nun
wieder auf einen schlechten Pfad, der nur dem Gegner dient.} gxf3 41. Rxf3 Bg4
42. Rfe3 Re6 43. Kg2 Rd8 44. Rf1 $2 {Viel besser war der Präventivzug 44.a3,
der ein- für allemal den Vorstoss ...a3 unterbindet.} d4 $1 {Riesenstark
gespielt, denn nun werden die schwarzen Figuren wieder enorm aktiv.} 45. cxd4
Bxd4 46. Bxd4 Rxd4 47. Rxe6 Bxe6 $19 {Die Stellung hat sich geöffnet und
wesentlich vereinfacht. Übrig geblieben sind die aktiveren schwarzen Figuren
und der schwarze Mehrbauer. Die Partie ist wohl bereits für Weiss nicht mehr
zu halten.} 48. Rd1 Rb4 {Ein weiterer Bauernverlust für Weiss ist nicht mehr
zu vermeiden.} 49. b3 axb3 50. axb3 Rxb3 {Auch wenn die Sphinx Legend in der
Folge nicht immer die absolut besten Züge findet, lässt er doch gar nichts
mehr anbrennen und führt seinen materiellen Vorteil der 2 Mehrbauern zum Sieg.
} 51. Rd2 Bd5+ 52. Kf2 Rb4 53. Be2 Kg6 54. Bf1 Rb3 55. Be2 b4 56. g4 hxg4 57.
Bxg4 f5 58. h5+ Kg5 59. Be2 f4 60. Rd4 f3 61. Bd1 Rc3 (61... Rb1 $142 $1) 62.
h6 (62. Rxb4 Kxh5 $19) 62... Kxh6 63. Rxb4 Rd3 64. Rb1 Kg5 65. Rc1 c5 66. Ba4
c4 67. Bb5 Rd2+ 68. Ke1 Re2+ 69. Kf1 Be6 70. Kg1 Bh3 $1 {Damit gerät Weiss in
ein Mattnetz, aus dem es kein Entrinnen gibt.} 71. Rf1 (71. Bxc4 f2+ 72. Kh1
Re1+ {und gewinnt}) 71... Bxf1 72. Kxf1 c3 73. Bxe2 c2 74. Bxf3 c1=Q+ 75. Ke2
Kf4 76. Bh5 Qh1 77. Bf7 Qh2+ 78. Kd3 Qh7+ 79. Kc4 Qxf7+ 80. Kd4 Qd7+ 81. Kc5
Ke5 82. Kc4 Qc6+ 83. Kd3 Qc5 84. Ke2 Ke4 85. Kd2 {***AUFGEGEBEN***} 0-1

[Event "Match 70__120'/40"]
[Site "Zürich"]
[Date "2022.??.??"]
[Round "32"]
[White "CXG Sphinx Legend"]
[Black "CXG Sphinx 40 most agg"]
[Result "0-1"]
[WhiteElo "1816"]
[BlackElo "1780"]
[Annotator "Utzinger,K"]
[PlyCount "123"]
[EventDate "2022.??.??"]

{[%evp 0,123,19,38,43,18,28,33,-13,-5,-5,9,-8,9,21,35,33,38,40,37,37,38,38,61,
53,53,64,62,47,37,46,51,39,49,49,53,88,52,60,51,46,53,65,27,11,44,54,62,152,
171,171,232,239,71,76,40,42,34,243,101,101,77,83,0,29,41,45,41,45,30,76,-107,
-24,0,-2,-2,0,-23,-23,-139,-159,-183,-125,-191,-175,-226,-231,-291,-265,-322,
-285,-306,-329,-410,-370,-442,-444,-515,-477,-517,-434,-404,-425,-548,-589,
-613,-609,-673,-552,-567,-579,-614,-649,-707,-919,-966,-1173,-1119,-1601,
-29977,-29992,-29985,-29986,-29989,-29990,-29991]} 1. e4 e6 {Match 120'/40 |
Bediener: Rolf Bühler | 32. Partie: Schwarz (Sphinx 40) gewinnt |
Zwischenstand: 17,0-15,0 (53,1%) für Sphinx Legend | Die Französische
Verteidigung, Tarrasch-Variante, mit 3...Sf6 und später 6...b6 nebst ...La6,
wird gespielt. Es entsteht ein ausgeglichenes Mittelspiel. Als sich die
schwarze Dame mit 19...Dxb4 vom Königsflügel entfernt, kann Weiss gegen den
schwarzen König einen tödlichen Angriff in die Wege leiten. Die CXG Sphinx
Legend startet den Angriff gut, verliert dann jedoch mehrmals den Faden (was
angesichts der komplexen und tiefen Varianten nicht verwundert) und spielt
plötzlich so schlecht, dass sie in einem verlorenen Endspiel landet.} 2. d4 d5
3. Nd2 Nf6 4. e5 Nfd7 5. Bd3 c5 6. c3 {***ENDE BUCH***} b6 {***ENDE BUCH***} 7.
Ndf3 cxd4 {Üblicherweise verzichtet Schwarz in diesem auf den Abtausch der
weissfeldrigen Läufer durch ...La6 ausgerichteten System darauf, die Spannung
im Zentrum so frühzeitg aufzugeben. Auch verzichtet Schwarz - nach einmal ...
Sc7 - auf den möglichen Standardplan ...c4, gefolgt von b5, um seine
Bauernmehrheit am Damenflügel in die Waagschale zu werfen.} 8. cxd4 Ba6 9.
Bxa6 Nxa6 10. Ne2 Bb4+ 11. Bd2 Bxd2+ 12. Qxd2 Rc8 (12... O-O 13. O-O Qe7 14.
Rac1 Rfc8 15. Rc3 Rxc3 16. Qxc3 Nf8 {1/2-1/2 (16) Roeder,F (2365)-Clever,G 
(2410) Augsburg 1988}) 13. O-O Qe7 14. Nc3 {Ohne das ausgeführte ...cxd4
stünde dem Springer dieses Feld nicht zur Verfügung.} Nc7 {Verhindert das
weisse Manöver Sc3-b5-d6.} 15. Rac1 O-O {Mehr als den Anzugsvorteil hat Weiss
nicht erzielen können.} 16. a3 b5 {Ein typisches Manöver bei diesem
Stellungstyp.} 17. Qd3 b4 {Für mich ist das verfrüht und hat Schwarz drei m.
E günstigere Alternativen:} ({a)} 17... a6 {um b5 zu stabilisieren und den
Plan ...Sb6-a8-b6-c4 vorzubereiten, wobei der Sd7 noch zur Verteidigung des
Königsflügels zur Verfügung steht.}) ({b)} 17... Nb6 {um rasch ...Sc4 zu
spielen}) ({c)} 17... h6 {was Sf3-g5 verhindert und Weiss zwingen könnte,
einen auch seinen Königsflügel schwächenden Angriff mit g2-g4 und h2-h4 zu
wählen.}) 18. Ne2 {Die einzige Methode für Vorteil scheint in 18.axb4 zu
stecken.} Nb6 $6 {Verpasst den Ausgleich durch 18...bxa3.} (18... bxa3 19. bxa3
Na8 20. Nd2 Nab6 21. f4 f5 $11) 19. axb4 Qxb4 $6 {Das nicht Zulassen der
folgenden Antwort mit 19...h6 verdient den Vorzug.} 20. Ng5 $1 {Noch macht es
die Sphinx Legend richtig und spielt auf Angriff.} g6 {Verhindert den
Einschlag auf h7.} 21. Qh3 $1 {Zwingt den Gegner zu einer weiteren Schwächung
seiner Königsstellung.} h5 {[#]} 22. b3 $2 {[%mdl 32768] Mit 22.Sf4!! erhält
Weiss einen tödlichen Angriff, was selbstverständlich durch die Sphinx
Legend nicht zu erkennen war.} (22. Nf4 Qxd4 23. Qg3 Qxb2 (23... Qxe5 24. Nxg6
$18) 24. Nxh5 Ne8 25. Rxc8 Nxc8 26. Nxe6 fxe6 27. Qxg6+ Kh8 28. Qh6+ Kg8 29.
Qxe6+ Kh7 30. Qxc8) 22... Qe7 $2 {Keine gute Verteidigung.} (22... Qd2 $1 {
Dieser Doppelangriff auf Sg5 und Se2 zwingt Weiss zum Damentausch, womit die
schwarzen Sorgen um einen Königsangriff der Vergessenheit angehören.}) 23. f4
{Hier war 23.Dh6 gar noch stärker.} Na6 $2 {Nach der besten Verteidigung 23...
Se8 könnte Schwarz noch kämpfen.} 24. g4 $1 {Weiss findet den entscheidenden
Gewinnzug. Schwarz darf wegen Matt auf h7 mit der weissen Dame nicht schlagen.}
Rxc1 25. Rxc1 Kg7 26. Ra1 {Kein Fehler, aber das sofortige 26.gxh5 ist
zwingender. Was hat es einen Wert, die offene c-Linie zu verlassen, den Turm
auf eine weniger wichtige LInie zu stellen und den Gegner zwingen, eine
schlecht auf a6 platzierte Figur besser zu postieren?} (26. gxh5 Rh8 27. Ng3
Kf8 28. Qg4 $18 {und die schwarze Stellung ist eine Ruine.}) 26... Nb4 27. gxh5
Rh8 28. Qc3 $2 {Unglaublich: Mitten im schönsten Angriff zieht Weiss seine
stärkste Waffe, die Dame, vom gegnerischen Königsflügel ab. Mit 28.Sg3 oder
28.Dg4 bliebe der weisse Angriff weiterhin tödlich.} Rc8 $2 {Auch auch die
Sphinx 40 ist schachblind und verzichtet auf das selbstverständliche ...Txh5.}
29. h6+ $6 {Nach dem Wegzug des Th8 nach c8 hätte das stärkere 29.Dh3 den
alten Zustand wiederhergestellt. Zum Glück für Weiss genügt auch der
Textzug, um weiterhin auf Gewinn zu spielen.} Kg8 30. h7+ {Einfach gewinnt
Weiss mit Dg3 oder Dd2.} Kh8 31. Qd2 {Auch hier ist 31.Dg3 +- stärker.} Rc2
32. Qe3 Na2 $2 {Schwarz sollte versuchen, mit ...Sc6 oder ...Tc6 eine
Verteidigung aufzubauen.} 33. Qd3 {Verpasst wiederum eine riesenstarke
Möglichkeit.} (33. f5 $3 {Eine echte Bombe, die den Gegner ohne Verteidigung
lässt:} gxf5 (33... Rxe2 34. f6 $1 Qxf6 35. exf6 Rxe3 36. Rxa2 Nd7 37. Rxa7
Rxb3 (37... Nxf6 38. Ra8+) 38. Rxd7 $18) 34. Qg3 $3 Rc8 {Noch die beste
Verteidigung} (34... Rxe2 35. Nxe6 $18) (34... f6 35. Nf4 $18) (34... Qf8 35.
Nf4 $18) 35. Rxa2 $18) 33... Nb4 34. Qf3 {Hier waren 34.Db5 und/oder 34.De3
stärker.} ({ShashChess 22: 1)} 34. Qb5 Nc6 35. h4 Nd7 36. f5 exf5 37. Nf4 Nf8
38. Qxd5 Qb4 39. Qd6 Qxd6 40. exd6 f6 41. Nge6 Nd7 42. Nxg6+ Kxh7 43. Ne7 a5
44. Re1 f4 45. Re4 Rc1+ 46. Kf2 Nce5 47. dxe5 fxe5 48. Re1 Rxe1 49. Kxe1 Kh6
50. Nc6 Kh5 51. Kf2 Kg4 52. Ng5 Nc5 53. Nxe5+ Kxh4 54. Ngf3+ Kh3 {[%eval 389,
33]}) ({ShashChess 22: 2)} 34. Qe3 Nc6 35. Qd3 Nb4 36. Qb5 Nc6 37. h4 Nd7 38.
f5 exf5 39. Nf4 Nf8 40. Qxd5 Nxh7 41. Qxf7 Qxf7 42. Nxf7+ Kg8 43. e6 Rd2 44. d5
Nd4 45. Ne5 Nf6 46. d6 Nxe6 47. Nxe6 Rxd6 48. Nf4 a6 49. Nexg6 Rb6 50. Ra3 Rb7
51. Ne6 Ne4 52. Ne5 Kh7 53. Nd4 Rb6 54. Ra5 Kh6 55. Nef3 Kh5 56. Rxf5+ Kg4 {
[%eval 372,32]}) 34... Rd2 35. Qc3 $6 {Ist es nicht fantastisch, dass die
Sphinx Legend erkennt, dass der Gegner, den Springer auf e2 nicht schlagen
darf. Deshalb das Ausrufezeichen. Weshalb dann das Fragezeichen: Weil die
Fortsetzung der Partie zeigt, dass das Programm von Gyula Horvath damit auf
Abwege kommt und somit den gelobten Zug aus einem völlig falschen Grund
gespielt hat.} Rxe2 $2 {Und die Sphinx 40 schaufelt sich mit diesem Schlagen
den Untergang, was das Programm mangels Schachwissen und genügender
Rechentiefe jedoch unter keinen Umständen erkennen kann.} {[#]} 36. Qc5 $2 {
Statt der Gewinnstellung durch 36.Tc1! führt der Textzug zu einer verlorenen
Stellung.} (36. Rc1 $1 Rc2 (36... Nd7 37. Qc8+ Nf8 38. Rc7 Rc2 39. Rxe7 Rxc8
40. Nxf7+ Kxh7 41. Nd6+ Kh8 42. Nxc8 $16) 37. Rxc2 Nxc2 38. Qxc2 Kg7 39. Qc5
Qe8 40. Qc7 Qd7 41. Qd6 Qc8 42. Kg2 Qe8 {falls 42...Dc2+ so 43.Kg3 und Matt in
10 Zügen} 43. Kg3 Nd7 44. Qc7 Qe7 45. h8=Q+ Kxh8 46. Qd8+ Qxd8 47. Nxf7+ Kg7
48. Nxd8 Nf8 49. Nc6 a6 50. Nb8 a5 51. Nc6 Nd7 52. Nxa5 {weisse Gewinnstellung}
) 36... Qxc5 37. dxc5 Nc8 38. Nxf7+ Kxh7 39. Ng5+ Kg8 40. Nxe6 Rb2 41. Ra3 Kf7
42. Nc7 Rc2 {Noch einfacher gewinnt ...d4} 43. Nb5 Rxc5 44. Nxa7 Nd3 45. Ra4
Ne7 46. Kh1 Rc3 47. Kg2 Rxb3 {Damit ist die Partie für Schwarz endgültig
gewonnen.} 48. Kf1 Rb2 49. Kg1 Nc5 50. Ra5 Ne6 51. Ra4 d4 52. Ra3 Nxf4 53. Rf3
Ned5 54. Rf2 Rb6 55. Rf1 Ke6 56. Nc8 Rb2 57. Kh1 Ne3 {Schwarz hat Mattangriff.}
58. Rg1 d3 59. Nd6 Nh3 60. Ne4 Kxe5 61. Re1 Rg2 62. Rc1 {***AUFGEGEBEN***} 0-1

[Event "Match 70__120'/40"]
[Site "Zürich"]
[Date "2022.??.??"]
[Round "33"]
[White "CXG Sphinx 40 most agg"]
[Black "CXG Sphinx Legend"]
[Result "1-0"]
[WhiteElo "1780"]
[BlackElo "1816"]
[Annotator "Utzinger,K"]
[PlyCount "70"]
[EventDate "2022.??.??"]

{[%evp 0,70,30,22,31,22,22,10,28,34,32,-8,8,-10,3,3,-7,-11,-2,-12,-12,-12,-12,
-7,-13,-25,3,24,73,92,92,61,52,46,19,10,48,46,48,54,44,44,56,25,69,76,95,65,75,
37,25,6,53,25,-9,25,24,8,-7,9,17,32,133,130,132,36,320,303,303,29986,29995,
29996,29997]} 1. e4 e5 {Match 120'/40 | Bediener: Rolf Bühler | 33. Partie:
Weiss (Sphinx 40) gewinnt | Zwischenstand: 17,0-16,0 (51,5%) für Sphinx
Legend | Die Gambit-Variante in der Wiener Partie ergibt einen ausgeglichenen
Kampf im Mittelspiel. Ein unglücklicher schwarzer Läuferzug (30...Ld5)
hätte der Sphinx 40 den Sieg bringen können, aber die Gewinnvarianten liegen
weit ausserhalb des Rechenhorizonts beider Programme. Nur zwei Züge später
begeht die Sphinx Legend jedoch einen taktischen Fehler, der die sofortigen
Niederlage zu Folge hat. Erstaunlich dabei, dass Schwarz 16 HZ und Weiss mit
seiner Gewinnantwort 15 HZ bis zum Matt hätte berechnen müssen, etwas
eigentlich (fast) Unmögliches für die beiden Programme.} 2. Nc3 Nf6 3. Bc4
Nxe4 4. Qh5 Nd6 5. Bb3 Be7 {***ENDE BUCH***} 6. Nf3 Nc6 7. Nxe5 {***ENDE
BUCH***} g6 8. Nxc6 dxc6 9. Qf3 O-O {Die Stellung befindet sich im Lot.} 10.
O-O Nf5 {Strebt auf den schönen Vorposten d4.} 11. d3 Nd4 12. Qf4 Bd6 {
Nichts sprach gegen 12...Le6 mit Entwicklung.} 13. Qh6 Qd7 $6 {Ein mehr als
komisches Damenmanöver. Nach 13...Sf5= wäre für Schwarz alles OK.} 14. Ne4
Be7 15. Bg5 {Weiss spielt auf die schwarzfeldrigen Schwächen des Gegners.
Sehr gut und gar eine Spur besser sieht 15.Te1 aus.} Nf5 16. Qh3 Bxg5 17. Nxg5
h6 18. Ne4 Qe7 19. Qg4 Kg7 20. Qf4 Nd4 {Die Stellung befindet sich im
Gleichgewicht.} 21. Rae1 Nxb3 {Da dieser Läufer in der aktuellen Situation
nicht besser ist als der Springer, kamen auch ...a5 oder ...c5 gut in Frage.}
22. axb3 f5 {Eine nicht notwendige Schwächung der Königsstellung, die dem
Gegner das bessere Spiel einräumt.} 23. Nc3 Qd6 24. Re5 $6 {Nach Damentausch
gefolgt von Te7+ bliebe der Vorteil bei Weiss.} Re8 25. Rfe1 Be6 26. Na4 Bf7
27. d4 {Weiss will nichts wissen von einem Massentausch auf e8.} Red8 {
Natürlich sieht 27...Tad8 vernünftiger aus, denn weshalb sollte Schwarz die
offene e-Linie freiwillig dem Gegner überlassen? Dass sich daraus für einmal
keine entscheidenden Nachteile ergeben, ist pures Stellungsglück.} 28. Rd1 b6
29. Rd3 a6 {Angriffige Naturen hätten sich zu 29...g5!? entschieden und mit
30...f4 fortgesetzt. Der Läufer erhielte dann auf g6 eine schöne Diagonale.}
(29... g5 30. Qxf5 $2 Bg6 $17) 30. Nc3 Bd5 $2 {Dass dies einem Verlustzug
gleichkommt, kann Schwarz unmöglich erkennen, da schlicht viel zu tief.} (
30... Re8 $1 $11 {sichert den Ausgleich.}) 31. Nxd5 cxd5 32. Rc3 $6 {Behält
zwar noch Vorteil, aber die Fortsetzungen a) 32.De3! und b) 32.Th3 - für die
beiden Compis nicht zu finden - gewinnen.[#]} c6 $2 {Ein taktischer Fehler,
der den folgenden Opfer-Einschlag erlaubt. Richtig wäre 32..Te8 gewesen.} 33.
Rxc6 $1 {[%mdl 32768] Die CXG Sphinx 40 most agg findet erstaunlicherweise den
hübschen Gewinnzug, obwohl wegen der Annahme des Opfers bis zum Matt 15
Halbzüge zu berechnen sind. Kann dies das Programm von Mark Taylor wirklich
sehen, oder hat hier die Sphinx 40 einfach zugeschlagen, weil es einige
Schachgebote verfolgt hat, ohne jedoch die Folgen völlig zu berechnen? Eine
Nachkontrolle führt zu folgender Erklärung: Die CXG Sphinx 40 most agg
betrachtet sehr lange 33.Th3? als Bestzug und wechselt erst am Schluss zu 33.
Txc6, was nach 5m10s ausgespielt wird mit einer Bewertung von nur 14 (d.h. +1.
4) in Erwartung von 33...Dxc6, 34.Te7+ Kg8?, 35.De5 und aus für Schwarz, was
also für die Berechnung nur 5 Halbzüge benötigt. Die Mattvariante nach dem
besseren 34...Kf6 wird nicht erkannt.} Qxc6 $2 {Schwarz erkennt die Gefahr
noch nicht und lässt sich lieber kurzzügig mattsetzen als entscheidenden
materiellen Nachteil in Kauf zu nehmen.} (33... Qd7 {bringt keine Rettung} 34.
Ree6 $18) 34. Re7+ {Bei diesem Zug erwartet die Sphinx 40 nun beste
Verteidigung 34...Kf6, doch will die "Unergründliche" nicht mit 35.De5+ usw.
Matt setzen, sondern mit 35.Dh4+ g5, 36.Dxh6+ Kxe7, 37.Dxc6 die schwarze Dame
abholen mit einer Bewertung von 26 (d.h. +2.6). Hier hat die Sphinx also nur 7
HZ berechnen müssen.} Kg8 {Und auch hier wählt die Sphinx Legend den
schnellsten Tod.} (34... Kf6 35. Qe5+ (35. Qh4+ g5 36. Qxh6+ Kxe7 37. Qxc6 {
[#] Das ist die berechnete Schluss-Stellung der Unergründlichen.}) 35... Kg5
36. f4+ Kg4 37. Qe2+ Kxf4 38. g3+ Kg5 39. h4+ Kf6 40. Qe5# {Matt}) 35. Qe5 Qf6
{***AUFGEGEBEN***} 1-0